| 000 | 00552cam a22002174a 4500 | ||
|---|---|---|---|
| 005 | 20250605164305.0 | ||
| 008 | 250528s ||||||||||||||||||||||||d | ||
| 035 | _a22235 | ||
| 020 | _a9781138852259 | ||
| 040 |
_aGR-AtMCL _bgre _dGR-AtMCL _eAACR2 |
||
| 245 | 1 | _aPLANNING RESEARCH IN HOSPITALITY AND TOURISM | |
| 250 | _a2 | ||
| 260 |
_bRouledge, _c2016 |
||
| 300 | _a331 | ||
| 700 | 1 |
_aBarker Chris _95944 |
|
| 700 | 1 |
_aJang Soocheong _98107 |
|
| 700 | 1 |
_aParaskevas Alexandros _96950 |
|
| 942 | _cBK | ||
| 999 |
_c7291 _d7291 |
||